[Event "ch-FRA Blitz Online Qual"]
[Site "Europe-Chess INT"]
[Date "2020.05.16"]
[Round "7"]
[White "Cornileau, Raphael"]
[Black "Cocogne, Ludovic"]
[Result "1-0"]
[WhiteElo "1397"]
[BlackElo "1924"]
[WhiteFideId "45105790"]
[BlackFideId "644536"]
[EventDate "2020.05.16"]

1. e4 c5 2. Nf3 d6 3. Nc3 Nf6 4. d4 cxd4 5. Nxd4 Nc6 6. Be3 e5 7. Nf3 h6 8. h3
Be7 9. Bc4 O-O 10. O-O a6 11. a4 Qc7 12. Bb3 Be6 13. Nd5 Bxd5 14. Bxd5 Nxd5 15.
Qxd5 Rac8 16. c3 Na5 17. Qd1 Nc4 18. Bc1 Qc6 19. Re1 Rfd8 20. Nd2 Nxd2 21. Bxd2
d5 22. exd5 Qxd5 23. Be3 Qe6 24. Qc2 f5 25. f3 Bf6 26. Red1 e4 27. fxe4 fxe4 28.
Rxd8+ Rxd8 29. Rd1 Rxd1+ 30. Qxd1 b5 31. axb5 axb5 32. Bd4 Bxd4+ 33. Qxd4 Kf7
34. Kf2 g5 35. Ke3 Qb3 36. Qd2 Qe6 37. Qe2 Qe5 38. Qc2 Qf4+ 39. Ke2 Ke6 40. Qb3+
Ke5 41. Qxb5+ Kf6 42. Qc4 Qc1 43. Qc6+ Kf5 44. Qd5+ Kf6 45. Qd2 Qg1 46. Qd4+ Kf5
47. Qxg1 1-0

[Event "ch-FRA Blitz Online Qual"]
[Site "Europe-Chess INT"]
[Date "2020.05.16"]
[Round "7"]
[White "Belattar, Salah-Eddine"]
[Black "Deurvillier, Martial"]
[Result "0-1"]
[WhiteElo "1886"]
[BlackElo "1556"]
[WhiteFideId "9001468"]
[BlackFideId "26017091"]
[EventDate "2020.05.16"]

1. d4 c6 2. Nf3 d5 3. g3 Bf5 4. Bg2 Nf6 5. O-O e6 6. c4 Nbd7 7. cxd5 exd5 8. Nc3
Be7 9. Re1 O-O 10. Nd2 Re8 11. e4 dxe4 12. Ndxe4 Bb4 13. Bg5 Bxe4 14. Rxe4 h6
15. Rxe8+ Qxe8 16. Be3 Nb6 17. Qb3 Bxc3 18. bxc3 Nbd5 19. Re1 Qd7 20. c4 Nxe3
21. Qxe3 Re8 22. Qd2 Rxe1+ 23. Qxe1 Qxd4 24. Bf1 Qe4 25. Qd2 Qe8 26. Qb4 Qd7 27.
Kg2 b6 28. a4 c5 29. Qc3 Qxa4 30. Qd3 Qe8 31. h4 Qe4+ 32. Qxe4 Nxe4 33. Kf3 Nd2+
34. Ke2 Nxf1 35. Kxf1 Kf8 36. Ke2 Ke7 37. Kd3 Kd6 38. f4 f6 39. Kc3 f5 40. Kb3
a6 41. Ka4 Kc6 42. h5 b5+ 43. cxb5+ axb5+ 44. Kb3 Kd5 45. Kc3 b4+ 46. Kd3 c4+
47. Kd2 Kd4 48. Kc2 b3+ 49. Kb2 Kd3 50. Kc1 c3 51. Kb1 Kd2 52. g4 fxg4 53. f5
c2+ 54. Kb2 Kd1 55. f6 gxf6 56. Kxb3 c1=Q 57. Ka2 Qc4+ 58. Ka1 Qb4 59. Ka2 Kc2
60. Ka1 Qb2# 0-1

[Event "ch-FRA Blitz Online Qual"]
[Site "Europe-Chess INT"]
[Date "2020.05.16"]
[Round "7"]
[White "Lovichi, Raphael"]
[Black "Gratton, Alexandre"]
[Result "0-1"]
[WhiteElo "1406"]
[BlackElo "1792"]
[WhiteFideId "45172935"]
[BlackFideId "551063689"]
[EventDate "2020.05.16"]

1. e4 c6 2. Nc3 d5 3. Nf3 Nf6 4. exd5 cxd5 5. d4 Nc6 6. Be3 Bg4 7. Be2 e6 8. h3
Bh5 9. O-O Be7 10. Nd2 Bg6 11. Nf3 Rc8 12. Qd2 O-O 13. Bd3 Bb4 14. Bxg6 hxg6 15.
a3 Ne4 16. Qe1 Bxc3 17. bxc3 Ne7 18. Bd2 Qc7 19. Ng5 Nxd2 20. Qxd2 Qxc3 21. Qxc3
Rxc3 22. Rfb1 b6 23. Rb2 Rfc8 24. Raa2 Nf5 25. Nf3 R8c4 26. a4 Nxd4 27. Nxd4
Rxd4 28. a5 Rd1+ 29. Kh2 Rd2 30. axb6 axb6 31. Rxb6 Rxf2 32. Ra4 Rfxc2 33. Ra8+
Rc8 34. Ra7 R2c7 35. Ra4 Kf8 36. Rh4 Ke7 37. Rh7 Kf6 38. Rh4 g5 39. Rg4 Rc4 40.
Rg3 Rc3 41. Rg4 R8c4 42. Rxc4 Rxc4 43. Kg3 Rf4 44. Rb3 d4 45. Rd3 e5 46. Kh2 Ke6
47. Kg3 Kd5 48. Ra3 Ke4 49. Ra4 Rf1 50. Kg4 Rg1 51. Kg3 f5 52. Kf2 Rc1 53. Ra2
d3 54. Ra4+ Kd5 55. Ra3 e4 56. Ra5+ Rc5 57. Ra2 f4 58. Ra1 Rc2+ 59. Kf1 Kd4 60.
Ra7 Ke3 61. Ra1 d2 62. Ra3+ Kd4 63. Ke2 e3 64. Ra4+ Rc4 65. Ra7 Rc1 66. Rd7+ Ke5
67. Rd8 Re1+ 68. Kf3 d1=Q+ 69. Rxd1 Rxd1 70. Ke2 Rd2+ 71. Kf3 Rf2+ 72. Kg4 e2
73. Kh5 e1=Q 74. Kg6 Qe4+ 75. Kh5 Qxg2 76. Kg6 Qxh3 77. Kf7 Qh5+ 78. Kg8 Rd2 79.
Kf8 Rd7 80. Kg8 g6 81. Kf8 Qh8# 0-1

[Event "ch-FRA Blitz Online Qual"]
[Site "Europe-Chess INT"]
[Date "2020.05.16"]
[Round "7"]
[White "Mallevaey, Armand"]
[Black "Martin, Nils"]
[Result "0-1"]
[WhiteElo "1773"]
[BlackElo "1639"]
[WhiteFideId "36041424"]
[BlackFideId "45160473"]
[EventDate "2020.05.16"]

1. e4 e5 2. Nf3 Nc6 3. Bb5 a6 4. Bxc6 dxc6 5. O-O Bg4 6. h3 h5 7. d3 Qf6 8. Bg5
Bxf3 9. Qd2 Qg6 10. gxf3 f6 11. h4 fxg5 12. Qxg5 Qxg5+ 13. hxg5 Be7 14. Nd2 Bxg5
15. Nc4 Bf4 16. Kg2 O-O-O 17. Rg1 Nf6 18. Kf1 g5 19. Ke2 h4 20. Nd2 Nd7 21. Nc4
Nc5 22. Ne3 Ne6 23. Ng4 Nd4+ 24. Kd1 Nxf3 25. Rg2 h3 26. Rg3 Bxg3 27. fxg3 h2
28. Nxh2 Rxh2 0-1

[Event "ch-FRA Blitz Online Qual"]
[Site "Europe-Chess INT"]
[Date "2020.05.16"]
[Round "7"]
[White "Kvashyna, Tetyana"]
[Black "Sayah-Hobon, Noah"]
[Result "1-0"]
[WhiteElo "1764"]
[BlackElo "1364"]
[WhiteFideId "641510"]
[BlackFideId "551015609"]
[EventDate "2020.05.16"]

1. d4 Nf6 2. Nf3 e6 3. e3 d5 4. Bd3 Bd6 5. b3 O-O 6. Bb2 b6 7. Nbd2 Bb7 8. O-O
Nbd7 9. Re1 Re8 10. Ne5 Bxe5 11. dxe5 Ne4 12. Nxe4 dxe4 13. Bb5 c6 14. Bf1 Qc7
15. Qh5 Rad8 16. Rad1 Nf8 17. Qg5 Ng6 18. f4 exf3 19. gxf3 Re7 20. Bd3 Red7 21.
Rd2 c5 22. Rf2 Rd5 23. Be4 Rd2 24. Bxb7 Qxb7 25. e4 Rd1 26. Re2 Qa6 27. c4 Qa5
28. Kf2 Rxe1 29. Rxe1 Rd2+ 30. Re2 Rxb2 31. Rxb2 Qc3 32. Re2 Qd4+ 33. Kg2 Qa1
34. Qd2 Qd4 35. Qxd4 cxd4 36. Rd2 d3 37. Rxd3 h6 38. Rd7 Kh7 39. Rxa7 Nf4+ 40.
Kg3 Ne2+ 41. Kf2 Nd4 42. Rxf7 Nc6 43. Rb7 Nxe5 44. Rxb6 Nd3+ 45. Ke3 Nc1 46.
Rxe6 Nxa2 47. Rb6 Nc3 48. Kd4 Ne2+ 49. Ke5 g5 50. c5 Nf4 51. c6 Ng6+ 52. Kf5
Ne7+ 53. Ke6 Nxc6 54. Rxc6 h5 55. Kf5 h4 56. Kxg5 h3 57. f4 Kg7 58. f5 Kf7 59.
e5 Ke7 60. Kg4 Kf7 61. Kxh3 Ke7 62. Kg4 Kf7 63. Kg5 Ke7 64. h4 Kf7 65. h5 Kg7
66. Rc7+ Kf8 67. Kf6 Ke8 68. Rh7 Kd8 69. Ke6 Kc8 70. Kd6 Kb8 71. Kc6 Ka8 72. Kb6
Kb8 73. Rh8# 1-0

[Event "ch-FRA Blitz Online Qual"]
[Site "Europe-Chess INT"]
[Date "2020.05.16"]
[Round "7"]
[White "Sylvestre-Baron, Laurent"]
[Black "Oumer, Walid"]
[Result "1-0"]
[WhiteElo "1728"]
[BlackElo "1365"]
[WhiteFideId "20698585"]
[BlackFideId "551016630"]
[EventDate "2020.05.16"]

1. c4 Nf6 2. Nc3 g6 3. d4 Bg7 4. e4 d6 5. Be2 O-O 6. Bg5 h6 7. Bh4 Nbd7 8. f4 c5
9. d5 Qa5 10. Qd2 e6 11. dxe6 fxe6 12. Nf3 Nb6 13. O-O Rd8 14. e5 Ne4 15. Nxe4
Re8 16. Qxa5 1-0

[Event "ch-FRA Blitz Online Qual"]
[Site "Europe-Chess INT"]
[Date "2020.05.16"]
[Round "7"]
[White "Courjal, Pauline"]
[Black "Joly, Charlotte"]
[Result "1-0"]
[WhiteElo "1848"]
[BlackElo "1454"]
[WhiteFideId "45147841"]
[BlackFideId "36022292"]
[EventDate "2020.05.16"]

1. e4 d5 2. exd5 Qxd5 3. Nc3 Qa5 4. d4 c6 5. Bc4 Nf6 6. Nf3 Bg4 7. Bd2 Qc7 8.
O-O e6 9. Re1 Be7 10. h3 Bxf3 11. Qxf3 O-O 12. Bf4 Bd6 13. Be5 Nbd7 14. Qg3 Bxe5
15. dxe5 Nd5 16. Bd3 Nb4 17. Be4 Nd5 18. Nxd5 cxd5 19. Bd3 Rac8 20. Qh4 h6 21.
Qg3 Nc5 22. Rac1 Nxd3 23. Qxd3 Qc4 24. Qg3 a6 25. c3 Qxa2 26. Rb1 Qc4 27. Red1
Qe4 28. Rbc1 Rc4 29. Re1 Qf4 30. Qxf4 Rxf4 31. b3 Rc8 32. g3 Rf3 33. c4 Rxb3 34.
cxd5 Rxc1 35. Rxc1 exd5 36. Rc8+ Kh7 37. Rc7 Kg6 38. Rd7 Rb5 39. g4 a5 40. f4 f6
41. e6 Rb1+ 42. Kf2 Rb2+ 43. Kg3 Re2 44. f5+ Kg5 45. h4# 1-0

[Event "ch-FRA Blitz Online Qual"]
[Site "Europe-Chess INT"]
[Date "2020.05.16"]
[Round "7"]
[White "Vanlerberghe, Luc"]
[Black "Kosciusko-Morizet, Antoine"]
[Result "1-0"]
[WhiteElo "1727"]
[BlackElo "1293"]
[WhiteFideId "671908"]
[BlackFideId "45166749"]
[EventDate "2020.05.16"]

1. e4 e5 2. Nf3 Nc6 3. Nc3 Nf6 4. Bb5 d6 5. d4 exd4 6. Nxd4 Bd7 7. Bxc6 Bxc6 8.
Nxc6 bxc6 9. Qf3 Be7 10. b3 O-O 11. Bb2 Re8 12. O-O-O Qb8 13. Ne2 Qb7 14. g4 a5
15. g5 Nd7 16. h4 a4 17. Qc3 f6 18. Nd4 c5 19. Nf5 Bd8 20. Qc4+ Kh8 21. Qf7 Rg8
22. Qxd7 axb3 23. axb3 Qxe4 24. Rhe1 Qf4+ 25. Kb1 Qf3 26. gxf6 Bxf6 27. Bxf6
gxf6 28. Rd3 Qxf2 29. Rde3 h5 30. Re7 Rg7 31. Nxg7 Kg8 32. Re8+ Rxe8 33. Rxe8+
Kh7 34. Nf5+ Kg6 35. Rg8# 1-0

[Event "ch-FRA Blitz Online Qual"]
[Site "Europe-Chess INT"]
[Date "2020.05.16"]
[Round "7"]
[White "Staune, Jean"]
[Black "Ngomane, Max"]
[Result "1-0"]
[WhiteElo "1719"]
[BlackElo "1278"]
[WhiteFideId "26091631"]
[BlackFideId "651049791"]
[EventDate "2020.05.16"]

1. e4 c5 2. c3 e6 3. d4 cxd4 4. cxd4 a6 5. Nf3 b5 6. a3 Bb7 7. Bd3 Nc6 8. Be3 d6
9. O-O Nf6 10. Nc3 Be7 11. Rc1 O-O 12. b4 Rb8 13. Qd2 Ba8 14. h3 d5 15. e5 Nd7
16. Rfd1 f6 17. exf6 Nxf6 18. Bb1 Bd6 19. Qd3 h6 20. Re1 Ne7 21. Bd2 Ne4 22. Ne5
Bxe5 23. dxe5 d4 24. Nxe4 Nf5 25. Nd6 Nxd6 26. exd6 Qxd6 27. Qh7+ Kf7 28. Qg6+
Ke7 29. Qxg7+ Rf7 30. Qxh6 Bxg2 31. Qg5+ Kf8 32. Qxg2 Rg7 33. Kf1 Rxg2 34. Kxg2
Ke7 35. Bf5 Rg8+ 36. Kf1 Qh2 37. Rxe6+ Kf8 38. Bh6+ Kf7 39. Ke2 1-0

[Event "ch-FRA Blitz Online Qual"]
[Site "Europe-Chess INT"]
[Date "2020.05.16"]
[Round "7"]
[White "Meyssirel, Tom"]
[Black "Gauthier, Laurent2"]
[Result "1-0"]
[WhiteElo "1333"]
[BlackElo "1704"]
[WhiteFideId "45197245"]
[BlackFideId "676810"]
[EventDate "2020.05.16"]

1. c4 Nf6 2. Nc3 c5 3. g3 g6 4. Bg2 Bg7 5. Nf3 O-O 6. O-O e6 7. d4 cxd4 8. Nxd4
d6 9. Ndb5 Ne8 10. Bf4 e5 11. Be3 a6 12. Na3 Nc6 13. Qd2 Be6 14. Rfd1 Qe7 15.
Nd5 Bxd5 16. cxd5 Nd4 17. Bxd4 exd4 18. Nc2 Nc7 19. Nxd4 Bxd4 20. Qxd4 Qxe2 21.
Qb6 Nb5 22. a4 Na7 23. Qxd6 Rfd8 24. Qb6 Qc4 25. Rac1 Qxa4 26. Rc7 Rd7 27. Rxd7
Qxd7 28. d6 Nc8 29. Qxb7 Qxb7 30. Bxb7 Rb8 31. Bxa6 Kf8 32. d7 Na7 33. d8=Q+
Rxd8 34. Rxd8+ Ke7 35. Ra8 Nc6 36. Rc8 Nb4 37. Rc7+ Kf6 38. Bc4 Kg7 39. Rxf7+
Kh6 40. Rb7 Nc2 41. b4 Nd4 42. b5 Nc6 1-0

[Event "ch-FRA Blitz Online Qual"]
[Site "Europe-Chess INT"]
[Date "2020.05.16"]
[Round "7"]
[White "Ogier, Daniil"]
[Black "Akopian, Edwin"]
[Result "1-0"]
[WhiteElo "1059"]
[BlackElo "1706"]
[WhiteFideId "45187398"]
[BlackFideId "36068357"]
[EventDate "2020.05.16"]

1. e4 e5 2. Nf3 Nc6 3. d4 exd4 4. Bc4 Nf6 5. O-O Bc5 6. c3 dxc3 7. e5 cxb2 8.
Bxb2 Ne4 9. Bxf7+ Kxf7 10. Qd5+ Ke8 11. Qxe4 Qe7 12. Nc3 Qf7 13. Nd5 Bb6 14. Ba3
h6 15. Rab1 g5 16. Rxb6 cxb6 17. Nc7+ Kd8 18. Nxa8 g4 19. Nd4 Nxd4 20. Qxd4 h5
21. Rc1 h4 22. Qd6 g3 23. Qc7+ Ke8 24. Qxc8# 1-0

[Event "ch-FRA Blitz Online Qual"]
[Site "Europe-Chess INT"]
[Date "2020.05.16"]
[Round "7"]
[White "Fernandez, Maylis"]
[Black "Briand, Maxime"]
[Result "0-1"]
[WhiteElo "1165"]
[BlackElo "1662"]
[WhiteFideId "45148511"]
[BlackFideId "651016397"]
[EventDate "2020.05.16"]

1. e4 c5 2. Nf3 d6 3. c3 Nf6 4. h3 Nc6 5. Bb5 Bd7 6. Bxc6 Bxc6 7. d3 e6 8. O-O
Be7 9. d4 Bxe4 10. dxc5 dxc5 11. Qxd8+ Rxd8 12. Ne5 O-O 13. Nd2 Bg6 14. Nxg6
hxg6 15. Nf3 Nd5 16. Bg5 Bxg5 17. Nxg5 Nf4 18. Rfe1 Nd3 19. Re3 Nxb2 20. Rae1
Rd7 21. Ne4 b6 22. Rg3 Rfd8 23. Kh2 Rd3 24. Rxd3 Rxd3 25. Ng5 Nd1 26. Ne4 Nxc3
27. Nxc3 Rxc3 28. Rd1 Rc2 29. a3 Ra2 30. Rd8+ Kh7 31. Rf8 Rxa3 32. Rxf7 c4 33.
Rc7 c3 34. Kg1 b5 35. Kf1 b4 36. Ke1 Ra2 37. Kd1 Rxf2 0-1

[Event "ch-FRA Blitz Online Qual"]
[Site "Europe-Chess INT"]
[Date "2020.05.16"]
[Round "7"]
[White "Farthouat, Titoine"]
[Black "Negre, Emilie"]
[Result "0-1"]
[WhiteElo "1652"]
[BlackElo "1438"]
[WhiteFideId "36015660"]
[BlackFideId "45187223"]
[EventDate "2020.05.16"]

1. e4 e5 2. Nf3 Nc6 3. d4 exd4 4. Nxd4 Nf6 5. Nxc6 bxc6 6. e5 Qe7 7. Qe2 Nd5 8.
c4 Ba6 9. Qe4 Nf6 10. Qe2 Nd5 11. h4 g6 12. Bg5 Qb4+ 13. Nd2 Bg7 14. Qe4 Nb6 15.
c5 Qxe4+ 16. Nxe4 Bxf1 17. cxb6 Bxg2 18. Rg1 Bxe4 19. bxc7 Bxe5 20. Ke2 Bxc7 21.
f3 Bd5 22. b3 O-O 23. Bf6 Rfe8+ 24. Kd3 Be5 25. Rae1 Bxf6 26. Ref1 Bg7 27. Kd2
Re7 28. Re1 Rae8 29. Ref1 Re2+ 30. Kd1 Rxa2 31. Kc1 Ra1+ 32. Kd2 Rxf1 33. Rxf1
Kf8 34. Rc1 Bxb3 35. Rb1 Bd5 36. Rb7 Bxf3 37. Rxd7 Bg4 38. Rxa7 Bh6+ 39. Kc2
Re2+ 40. Kb1 Bf5+ 41. Ka1 Bg7# 0-1

[Event "ch-FRA Blitz Online Qual"]
[Site "Europe-Chess INT"]
[Date "2020.05.16"]
[Round "7"]
[White "Launay, Maxence"]
[Black "Dincov, Matei"]
[Result "1-0"]
[WhiteElo "1084"]
[BlackElo "1714"]
[WhiteFideId "551013231"]
[BlackFideId "45118620"]
[EventDate "2020.05.16"]

1. d4 Nf6 2. c4 c5 3. Nc3 cxd4 4. Qxd4 Nc6 5. Qd1 d6 6. e3 g6 7. Nf3 Bg7 8. Be2
O-O 9. Bd2 a6 10. a4 Bf5 11. Nd4 Nxd4 12. exd4 Qc7 13. Be3 Nd7 14. Nd5 Qa5+ 15.
Bd2 Qd8 16. O-O Nb6 17. Ba5 Qd7 18. Nxb6 Qc6 19. Nxa8 1-0

[Event "ch-FRA Blitz Online Qual"]
[Site "Europe-Chess INT"]
[Date "2020.05.16"]
[Round "7"]
[White "Charousset, Donovan"]
[Black "Lapitski, Yaroslav"]
[Result "0-1"]
[WhiteElo "1204"]
[BlackElo "1765"]
[WhiteFideId "45167699"]
[BlackFideId "13519468"]
[EventDate "2020.05.16"]

1. d4 Nf6 2. c4 g6 3. Nf3 Bg7 4. b3 O-O 5. Bb2 c5 6. d5 d6 7. Qc2 e5 8. e3 Bf5
9. Bd3 e4 10. Bxf6 Qxf6 11. Bxe4 Bxe4 12. Qxe4 Qxa1 13. O-O Qf6 14. Re1 Nd7 15.
Nbd2 Rae8 16. Qc2 Ne5 17. Nxe5 Qxe5 18. Nf3 Qe4 19. Qxe4 Rxe4 20. Ng5 Re7 21.
Ra1 h6 0-1

[Event "ch-FRA Blitz Online Qual"]
[Site "Europe-Chess INT"]
[Date "2020.05.16"]
[Round "7"]
[White "Falip Morales, Tom"]
[Black "Grosse, Ludovic"]
[Result "0-1"]
[WhiteElo "1344"]
[BlackElo "1958"]
[WhiteFideId "45181764"]
[BlackFideId "26045842"]
[EventDate "2020.05.16"]

1. e4 c5 2. Nf3 d6 3. d4 cxd4 4. Qxd4 Bd7 5. Be3 Nc6 6. Qd2 Nf6 7. Nc3 g6 8.
O-O-O Bg7 9. Bb5 a6 10. Bxc6 Bxc6 11. e5 Ng4 12. exd6 Qxd6 13. Qxd6 exd6 14.
Rxd6 Nxe3 15. fxe3 Bh6 16. Kb1 O-O 17. e4 Rfe8 18. Nd5 Bxd5 19. exd5 Re2 20. Re1
Rxg2 21. Rd7 Rf2 22. Nd4 Bg7 23. Nb3 Rxh2 24. Rxb7 Rd8 25. d6 Rxd6 26. Rb8+ Bf8
27. a3 Re6 28. Rxe6 fxe6 29. Rb6 e5 30. Rxa6 e4 31. Re6 Re2 32. Kc1 Kf7 33. Kd1
Rxc2 34. Kxc2 Kxe6 35. Kd2 Kd5 36. Kc3 h5 37. Nd4 h4 38. Ne2 Bd6 39. a4 h3 40.
a5 h2 41. Ng3 Bxg3 42. a6 Bf2 43. a7 Bxa7 44. b4 h1=Q 45. Kb3 Qb1+ 46. Ka4 Kc4
47. Ka5 Qxb4+ 48. Ka6 Qb6# 0-1

[Event "ch-FRA Blitz Online Qual"]
[Site "Europe-Chess INT"]
[Date "2020.05.16"]
[Round "7"]
[White "Gombrowicz, Renaud"]
[Black "Deschamps, Quentin"]
[Result "0-1"]
[WhiteElo "1343"]
[BlackElo "1908"]
[WhiteFideId "651019760"]
[BlackFideId "26010119"]
[EventDate "2020.05.16"]

1. e4 e6 2. d4 d5 3. Nc3 Bb4 4. e5 c5 5. a3 Bxc3+ 6. bxc3 Qc7 7. Qg4 Ne7 8. Bd2
Bd7 9. Nf3 Nbc6 10. Be2 Ng6 11. O-O O-O 12. h4 f5 13. Qg3 Rac8 14. h5 Nge7 15.
Ng5 f4 16. Bxf4 Nf5 17. Qg4 cxd4 18. cxd4 Ncxd4 19. Bd3 Bb5 20. Qd1 Bxd3 21.
Qxd3 Qxc2 22. Qxc2 Rxc2 23. g4 Ne2+ 24. Kh2 Nxf4 25. gxf5 Rxf5 26. Nf3 Rxh5+ 27.
Kg3 Ne2+ 28. Kg4 g6 29. Ng5 Rc4+ 30. Kf3 Nd4+ 31. Kg4 Nb3+ 32. Kf3 Nxa1 33. Rxa1
Rxg5 0-1

[Event "ch-FRA Blitz Online Qual"]
[Site "Europe-Chess INT"]
[Date "2020.05.16"]
[Round "7"]
[White "Berthaut, Alexandre"]
[Black "Flores, Christophe"]
[Result "1-0"]
[WhiteElo "1924"]
[BlackElo "1332"]
[WhiteFideId "26080192"]
[BlackFideId "45163758"]
[EventDate "2020.05.16"]

1. e4 Nc6 2. Nf3 f5 3. exf5 d5 4. d4 Bxf5 5. Bb5 e6 6. O-O Bd6 7. Bg5 Nf6 8. Ne5
O-O 9. Bxc6 bxc6 10. Nxc6 Qd7 11. Ne5 Bxe5 12. dxe5 Ne4 13. Be3 c5 14. c3 Rab8
15. Qe2 d4 16. cxd4 cxd4 17. Rd1 Qc7 18. Bxd4 Rbd8 19. Nc3 Qf7 20. Nxe4 Bxe4 21.
Qxe4 Rxd4 22. Qxd4 1-0

[Event "ch-FRA Blitz Online Qual"]
[Site "Europe-Chess INT"]
[Date "2020.05.16"]
[Round "7"]
[White "Mataigne, Jean-Michel"]
[Black "Langer, Franck"]
[Result "1-0"]
[WhiteElo "1900"]
[BlackElo "1327"]
[WhiteFideId "618250"]
[BlackFideId "45175063"]
[EventDate "2020.05.16"]

1. e4 c5 2. Nf3 e6 3. d3 Nc6 4. g3 d6 5. Bg2 Nf6 6. O-O Be7 7. Re1 O-O 8. c3 b6
9. d4 cxd4 10. cxd4 Bb7 11. Nc3 Rc8 12. Qe2 a6 13. d5 exd5 14. exd5 Nb4 15. Qxe7
Qxe7 16. Rxe7 Bxd5 17. Bg5 Bxf3 18. Bxf3 h6 19. Bxf6 gxf6 20. Rd1 Rfd8 21. Ne4
Kg7 22. Nxd6 Rxd6 23. Rxd6 Nxa2 24. Bd5 Nb4 25. Bxf7 Rc1+ 26. Kg2 a5 27. Bh5+
Kf8 28. Rf7+ Kg8 29. Rd8# 1-0

[Event "ch-FRA Blitz Online Qual"]
[Site "Europe-Chess INT"]
[Date "2020.05.16"]
[Round "7"]
[White "Gabino, Karl"]
[Black "Percheron, Andre"]
[Result "0-1"]
[WhiteElo "1331"]
[BlackElo "1846"]
[WhiteFideId "45135886"]
[BlackFideId "20607091"]
[EventDate "2020.05.16"]

1. e4 c5 2. Nf3 Nc6 3. d4 cxd4 4. Nxd4 Nf6 5. Nc3 e5 6. Ndb5 d6 7. Bg5 a6 8. Na3
b5 9. Nd5 Be7 10. Nxb5 axb5 11. Bxb5 Bd7 12. c3 O-O 13. a4 Nxd5 14. exd5 Bxg5
15. dxc6 Be6 16. O-O d5 17. Qc2 Qf6 18. Rad1 Bf5 19. Qb3 Be6 20. Qb4 Qg6 21. c7
Rac8 22. Qc5 Bf4 23. Kh1 Qh5 24. g3 Qf3+ 25. Kg1 Bh3 26. Qxd5 e4 27. Qxe4 Qxe4
28. Ba6 Qg2# 0-1

[Event "ch-FRA Blitz Online Qual"]
[Site "Europe-Chess INT"]
[Date "2020.05.16"]
[Round "7"]
[White "Gouja, Wissem"]
[Black "Frey, Thierry"]
[Result "0-1"]
[WhiteElo "1346"]
[BlackElo "1792"]
[WhiteFideId "551013800"]
[BlackFideId "1317709"]
[EventDate "2020.05.16"]

1. e4 c5 2. Nf3 d6 3. d4 cxd4 4. Nxd4 Nf6 5. Nc3 a6 6. Be2 e5 7. Nf3 Be7 8. O-O
h6 9. h3 Be6 10. Be3 Nbd7 11. a4 Rc8 12. Nh2 O-O 13. Ng4 Qc7 14. a5 Nxg4 15.
Bxg4 Nf6 16. Bxe6 fxe6 17. Bb6 Qc6 18. Qe2 Bd8 19. Bxd8 Rfxd8 20. Kh1 Qc4 21.
Qe1 d5 22. exd5 exd5 23. Qxe5 d4 24. Ra4 Qxf1+ 25. Kh2 dxc3 26. bxc3 Qb5 27.
Qe6+ Kh8 28. Rf4 Qc6 29. Qf7 Qd7 0-1

[Event "ch-FRA Blitz Online Qual"]
[Site "Europe-Chess INT"]
[Date "2020.05.16"]
[Round "7"]
[White "Gimenez, Adrien"]
[Black "Dimey, Cyrille"]
[Result "1-0"]
[WhiteElo "1591"]
[BlackElo "1871"]
[WhiteFideId "36069094"]
[BlackFideId "20658273"]
[EventDate "2020.05.16"]

1. e4 e6 2. d4 d5 3. exd5 exd5 4. Bd3 Nc6 5. c3 Bd6 6. Nf3 Nge7 7. O-O Bg4 8. h3
Bh5 9. Be3 Qd7 10. Nbd2 O-O-O 11. Rc1 f5 12. Bg5 h6 13. Bxe7 Nxe7 14. Qc2 g5 15.
Rfe1 g4 16. hxg4 Bxg4 17. Ne5 Bxe5 18. Rxe5 Ng6 19. Bxf5 Bxf5 20. Rxf5 Nh4 21.
Rf4 Nxg2 22. Kxg2 Rhg8+ 23. Kh2 Qe8 24. Qf5+ Kb8 25. Rg1 Rxg1 26. Kxg1 Qe1+ 27.
Kg2 Qxd2 28. Qf8 Rc8 29. Qxh6 Qxb2 30. Rf5 Qxa2 31. Qe3 a5 32. Qe6 Qb3 33. Qxd5
Qxc3 34. Qxa5 Qxd4 35. f4 Qe4+ 36. Kg3 Rg8+ 37. Rg5 Qe1+ 38. Kg4 Qe2+ 39. Kf5
Qd3+ 40. Kg4 Qf1 41. Rxg8# 1-0

[Event "ch-FRA Blitz Online Qual"]
[Site "Europe-Chess INT"]
[Date "2020.05.16"]
[Round "7"]
[White "Lambert Hoareau, Guillaume"]
[Black "Triton, Maxime"]
[Result "0-1"]
[WhiteElo "1348"]
[BlackElo "1843"]
[WhiteFideId "45172323"]
[BlackFideId "36062979"]
[EventDate "2020.05.16"]

1. e4 c5 2. Nc3 e6 3. g3 d5 4. exd5 exd5 5. Bg2 d4 6. Nce2 Nf6 7. f4 Be7 8. Nf3
O-O 9. O-O Nc6 10. d3 Nd5 11. c4 Ne3 12. Bxe3 dxe3 13. Nc3 Be6 14. Qe2 Nd4 15.
Nxd4 cxd4 16. Ne4 Rb8 17. b3 f5 18. Ng5 Bxg5 19. fxg5 Qxg5 20. a4 b6 21. a5 b5
22. a6 bxc4 23. bxc4 f4 24. gxf4 Rxf4 25. Rxf4 Qxf4 26. Rf1 Qd6 27. Bb7 Bf7 28.
Qf3 Qe7 29. c5 Rf8 30. Bd5 Bxd5 31. Qxd5+ Kh8 32. Rxf8+ Qxf8 33. c6 Qf2+ 34. Kh1
Qf1# 0-1

[Event "ch-FRA Blitz Online Qual"]
[Site "Europe-Chess INT"]
[Date "2020.05.16"]
[Round "7"]
[White "Quartararo, Pierre"]
[Black "Anas, Jacques"]
[Result "1-0"]
[WhiteElo "1909"]
[BlackElo "1304"]
[WhiteFideId "614491"]
[BlackFideId "36094552"]
[EventDate "2020.05.16"]

1. d4 d5 2. c4 e6 3. Nc3 c6 4. Nf3 Bb4 5. Qc2 Ne7 6. Bf4 O-O 7. e3 Ng6 8. Bg3
Re8 9. Bd3 Nd7 10. O-O Nf6 11. a3 Ba5 12. b4 Bc7 13. Bxc7 Qxc7 14. cxd5 Ng4 15.
dxc6 bxc6 16. h3 Nf6 17. Bxg6 fxg6 18. Ne5 Ba6 19. Rfc1 Rad8 20. Na4 Bb5 21. Nc5
Nd5 22. a4 Ba6 23. Nxa6 Qb6 24. Qc5 Qxa6 25. b5 cxb5 26. axb5 Qc8 27. Rxa7 Qxc5
28. dxc5 Nf6 29. b6 Ne4 30. c6 Rf8 31. f3 Nd2 32. c7 Rc8 33. b7 1-0

[Event "ch-FRA Blitz Online Qual"]
[Site "Europe-Chess INT"]
[Date "2020.05.16"]
[Round "7"]
[White "Vidoni, Salma"]
[Black "Goyer, Lionel"]
[Result "0-1"]
[WhiteElo "1309"]
[BlackElo "1782"]
[WhiteFideId "45107556"]
[BlackFideId "20628706"]
[EventDate "2020.05.16"]

1. d4 Nf6 2. Nf3 e6 3. Bf4 d5 4. e3 c5 5. c3 Nc6 6. Nbd2 Bd6 7. Ne5 O-O 8. Bd3
cxd4 9. exd4 Bxe5 10. Bxe5 Nxe5 11. dxe5 Nd7 12. Nf3 Nc5 13. O-O Nxd3 14. Qxd3
b6 15. Rad1 a5 16. Nd4 Ba6 17. Nb5 Qd7 18. a4 Rac8 19. Qd4 Rc4 20. Qxb6 Bxb5 21.
axb5 Rfc8 22. Qxa5 Qe7 23. Rc1 Qg5 24. Rfe1 h5 25. Re3 d4 26. Rg3 Qxc1# 0-1